Państwa najbliżej Litwy - Statystyki

Ogólne statystyki
  • Ten quiz został rozwiązany 472 razy
  • Średni wynik to 19 z 20
Statystyki odpowiedzi
km Państwo % Poprawnych
0 Białoruś
100%
0 Łotwa
100%
0 Polska
100%
0 Rosja
100%
157 Estonia
99%
460 Niemcy
99%
387 Finlandia
98%
193 Szwecja
98%
223 Ukraina
98%
648 Norwegia
97%
521 Słowacja
97%
563 Czechy
96%
615 Węgry
96%
645 Rumunia
94%
742 Austria
93%
370 Dania
93%
632 Mołdawia
91%
939 Słowenia
78%
899 Serbia
76%
924 Holandia
74%
Nie znaleziono quizów pasujących do podanych kryteriów
Rozkład punktacji
Procent ludzi z każdym wynikiem
Percentyl według liczby udzielonych odpowiedzi
Twoja historia wyników
Nie rozwiązałeś tego quizu